000
00348nam a22001337a 4500
003
SGT
020
_a
817585484X
082
_a
181.45
_b
P07R
100
_a
रामदेव, स्वामी
245
_a
प्राणायाम रहस्य
260
_b
दिव्य प्रकाशन
_c
2007
300
_a
68
942
_2
ddc
_c
BK
999
_c
31601
_d
31601